| 000 | 00874nam a2200193 a 4500 | ||
|---|---|---|---|
| 008 | 060705s2005 ||||||||||||||||| || u | ||
| 020 | _a9991663169 | ||
| 050 | _aQK 720.Z3 Phi | ||
| 100 | _aPhiri, P. S. M | ||
| 245 | 1 | 2 | _aA checklist of Zambian vascular plants |
| 260 |
_aPretoria: _bSouthern African Botanical Diversity Network(SABONET) _c2005 |
||
| 300 | _axii, 169p.: ill. | ||
| 350 | _a0.00 | ||
| 490 | _aSouthern African Botannical Diversity Network report, no. 32 | ||
| 650 | _aBOTANY | ||
| 650 | _aVASCULAR PLANTS--ZAMBIA | ||
| 995 |
_aSPECIAL COLLECTIONS _D0.00 _e737145 _FCBU-MAIN LIBRARY (Kitwe) _H1 _I0.00 _jZAM QK 720.Z3 Phi _M1 _UAVAILABLE _WJul 5, 2006 _y41880 _ZZambiana Collection |
||
| 995 |
_aMAIN LIBRARY OPEN ACCESS _D105000.00 _e739024 _FCBU-MAIN LIBRARY (Kitwe) _H1 _I0.00 _jQK 720.Z3 Phi _M2 _UAVAILABLE _WDec 15, 2008 _y739024 _ZMain Library Open Access Collection |
||
| 999 |
_c79279 _d79279 |
||